000 00434nam a2200181Ia 4500
001 11575
005 20260306162838.0
008 260306t2021||||xx |||||||||||||| ||spa||
041 _aESP
082 _aPE 869.57
_bO74
100 _aOrtiz Delgado, Jorge Luis
_eAUT
245 0 _aLas fronteras de lo absurdo
260 _c2021
300 _a162 páginas :
_c21 cm.
650 _aGEN
654 _aCHU
942 _cLIB
_dJUS
_fJUS
_2ddc
_n
999 _c11575
_d11575